000 00431nam a2200181Ia 4500
001 9076
005 20260306160657.0
008 260306t2010||||xx |||||||||||||| ||spa||
041 _aESP
082 _a372.5
_bS17 T. 2
100 _aSalvo, Víctor
_eAUT
245 0 _aEducación por el arte:
_bfolklore - musica - teatro
260 _c2010
300 _a
_c25 cm.
650 _aGEN
654 _aCED
942 _cLIB
_dJUS
_fJUS
_2ddc
_n
999 _c9076
_d9076